Taylor Swift Quiz - Statistics

General Stats
  • This quiz has been taken 2,261 times
  • The average score is 8 of 10
Answer Stats
Question Answer % Correct
Name of her 2014 album which is also her year of birth 1989
98%
Her first album was in this genre of music Country
98%
2008 song: You ______ With Me Belong
96%
Rapper who interrupted her at the 2009 VMA awards Kanye West
94%
Song which features the names of Shakespeare characters Love Story
88%
Her first single sharing its name with another country singer Tim McGraw
87%
State she was born in Pennsylvania
71%
DJ she dated from 2015-2016 Calvin Harris
65%
Singer who she dated and is the inspiration of the song "I Knew You Were Trouble" John Mayer
40%
Song that won her two grammy's Mean
27%
No matching quizzes found
Score Distribution
Percent of People with Each Score
Percentile by Number Answered
Your Score History
You have not taken this quiz